[Event "Barcelona Sant Marti op-B 20th"]
[Site "Barcelona"]
[Date "2018.07.19"]
[Round "7"]
[White "Caballero Ortin, Jorge"]
[Black "Mercader Rubio, Luis"]
[Result "1-0"]
[WhiteElo "1628"]
[BlackElo "1732"]
[PlyCount "83"]
[EventDate "2018.07.13"]
[EventType "swiss"]
[EventRounds "9"]
[EventCountry "ESP"]
[SourceTitle "EXT 2019"]
[Source "ChessBase"]
[SourceDate "2018.10.10"]
[SourceVersion "1"]
[SourceVersionDate "2018.10.10"]
[SourceQuality "1"]

1. e4 c5 2. Nf3 e6 3. Qe2 a6 4. c3 d6 5. d4 cxd4 6. cxd4 b5 7. Bd2 Be7 8. a4 Bd7 9. Qe3 bxa4 10. Nc3 Nf6 11. h3 0-0 12. g4 Bc6 13. Bd3 Nbd7 14. g5 Nh5 15. Be2 g6 16. Ng1 Ng7 17. h4 f5 18. h5 gxh5 19. Bxh5 f4 20. Qh3 Bxg5 21. Nf3 h6 22. Bg4 Re8 23. Bh5 Rf8 24. Bg4 Qf6 25. d5 Bb5 26. Nxg5 Qxg5 27. Bxe6+ Nxe6 28. Qxe6+ Rf7 29. Nxb5 axb5 30. Kf1 Nc5 31. Qxh6 Qxh6 32. Rxh6 Nxe4 33. Bb4 f3 34. Re1 Rf6 35. Rh4 Nc5 36. Bc3 Raf8 37. Re7 Nd3 38. Rhh7 R8f7 39. Rexf7 Rg6 40. Ra7 Ne5 41. Bxe5 dxe5 42. Rhb7 1-0

[Event "Barcelona Sant Marti op-B 20th"]
[Site "Barcelona"]
[Date "2018.07.13"]
[Round "1"]
[White "Bermejo Cuadra, Robert"]
[Black "Mercader Rubio, Luis"]
[Result "0-1"]
[WhiteElo "1315"]
[BlackElo "1732"]
[PlyCount "94"]
[EventDate "2018.07.13"]
[EventType "swiss"]
[EventRounds "9"]
[EventCountry "ESP"]
[SourceTitle "EXT 2019"]
[Source "ChessBase"]
[SourceDate "2018.10.10"]
[SourceVersion "1"]
[SourceVersionDate "2018.10.10"]
[SourceQuality "1"]

1. Nf3 Nf6 2. e3 d5 3. c4 e6 4. Nc3 c5 5. cxd5 exd5 6. Bb5+ Bd7 7. Ne5 Bd6 8. Nxd7 Nbxd7 9. Bxd7+ Qxd7 10. Qa4 a6 11. Qxd7+ Kxd7 12. 0-0 d4 13. Na4 Kc6 14. exd4 cxd4 15. b3 b5 16. Nb2 Kd5 17. Nd3 Rhe8 18. Re1 h6 19. Rxe8 Rxe8 20. f3 g5 21. Bb2 Nh5 22. Re1 Rxe1+ 23. Nxe1 Bb4 24. Nc2 Bc5 25. b4 Bb6 26. d3 Nf4 27. Ne1 a5 28. g3 Ne2+ 29. Kf2 Nc3 30. a3 Nd1+ 31. Ke2 Nxb2 32. Nc2 Na4 33. f4 f6 34. fxg5 hxg5 35. Kf3 Ke5 36. Kg4 Nb2 37. h4 gxh4 38. Kxh4 Nxd3 39. g4 axb4 40. axb4 Bd8 41. Kh5 Be7 42. Na3 Bxb4 43. Nxb5 Nf4+ 44. Kh6 d3 45. Na7 Bf8+ 46. Kh7 d2 47. Nc6+ Kd5 0-1

[Event "Barcelona Sant Marti op-B 19th"]
[Site "Barcelona"]
[Date "2017.07.18"]
[Round "6"]
[White "Ramos Alvarez, Maximo"]
[Black "Mercader Rubio, Luis"]
[Result "1-0"]
[WhiteElo "1865"]
[BlackElo "1747"]
[PlyCount "145"]
[EventDate "2017.07.13"]
[EventType "swiss"]
[EventRounds "9"]
[EventCountry "ESP"]
[SourceTitle "EXT 2018"]
[Source "ChessBase"]
[SourceDate "2017.10.13"]
[SourceVersion "1"]
[SourceVersionDate "2017.10.13"]
[SourceQuality "1"]

1. d4 Nf6 2. Bg5 d5 3. Bxf6 exf6 4. e3 g6 5. g3 Bg7 6. Bg2 c6 7. Ne2 0-0 8. 0-0 Nd7 9. c4 dxc4 10. Nd2 Nb6 11. Rc1 f5 12. Nf4 Nd5 13. Qf3 Nxf4 14. Qxf4 Qa5 15. Nxc4 Qxa2 16. h4 Be6 17. Nd6 Qb3 18. h5 Bd5 19. Bxd5 Qxd5 20. Rc5 Qb3 21. h6 Bh8 22. Nxf5 Qe6 23. Nd6 Rab8 24. Rfc1 Rfd8 25. Ne4 Rf8 26. b4 a6 27. R5c4 Rbe8 28. Nc5 Qe7 29. Rd1 Bf6 30. Qg4 Rd8 31. Qh3 Bh8 32. Rc2 Rd5 33. g4 Rb8 34. f4 Re8 35. Rc3 Rdd8 36. Rcd3 Ra8 37. f5 b6 38. Nb3 Qg5 39. fxg6 fxg6 40. Nd2 Rad8 41. Nf3 Qe7 42. Rb1 Qe4 43. Rbd1 Qe7 44. Rb1 a5 45. bxa5 bxa5 46. Ra1 Rf8 47. Nd2 Qb4 48. Rb1 Qe7 49. Qg2 Rc8 50. e4 Qg5 51. Nc4 Rf4 52. Ne3 Qxh6 53. Qa2+ Kf8 54. Qe6 Re8 55. Qd6+ Kg8 56. Qxc6 Rfxe4 57. Qd5+ Kf8 58. Rf1+ Rf4 59. Qd6+ Kg8 60. Rxf4 Bg7 61. Qd5+ Kh8 62. Re4 Rc8 63. Rd1 Qh3 64. Ng2 Rf8 65. Qa2 Qf3 66. Qe2 Qb3 67. Re8 a4 68. Rxf8+ Bxf8 69. Rf1 Qb4 70. Qe5+ Kg8 71. Qe6+ Kh8 72. Qf6+ Bg7 73. Qd8+ 1-0

[Event "Foment Martinenc op-B 19st"]
[Site "Barcelona"]
[Date "2017.06.17"]
[Round "9.2"]
[White "Moya Nunez, Salvador"]
[Black "Mercader Rubio, Luis"]
[Result "1/2-1/2"]
[WhiteElo "1598"]
[BlackElo "1747"]
[PlyCount "83"]
[EventDate "2017.04.22"]
[EventType "swiss"]
[EventRounds "9"]
[EventCountry "ESP"]
[SourceTitle "EXT 2024"]
[Source "ChessBase"]
[SourceDate "2023.10.10"]
[SourceVersion "1"]
[SourceVersionDate "2023.10.10"]
[SourceQuality "1"]

1. e4 c5 2. Nc3 Nc6 3. g3 d6 4. Bg2 Nf6 5. d3 g6 6. f4 Bg7 7. Nf3 a6 8. a4 Bg4 9. Be3 Qb6 10. Rb1 Nd4 11. h3 Bc8 12. 0-0 0-0 13. Kh2 Rb8 14. Qd2 Qd8 15. Bxd4 cxd4 16. Ne2 Qb6 17. c4 dxc3 18. Nxc3 Bd7 19. d4 Rfd8 20. Rfc1 Qb3 21. Qd1 Qb4 22. b3 Rbc8 23. Qd2 e5 24. fxe5 dxe5 25. Nxe5 Be8 26. Nf3 h5 27. Nd5 Nxd5 28. exd5 Qd6 29. Ne5 Bxe5 30. dxe5 Qxe5 31. Re1 Qd6 32. Re4 Bd7 33. Rbe1 Re8 34. Qg5 b5 35. axb5 axb5 36. R1e2 Rxe4 37. Bxe4 Re8 38. Bf3 Kh7 39. Rxe8 Bxe8 40. Qe3 h4 41. Qf4 hxg3+ 42. Kxg3 1/2-1/2

[Event "Foment Martinenc op-B 19st"]
[Site "Barcelona"]
[Date "2017.05.27"]
[Round "6.2"]
[White "Mercader Rubio, Luis"]
[Black "Esteban Bruguera, German"]
[Result "0-1"]
[WhiteElo "1747"]
[BlackElo "1720"]
[PlyCount "138"]
[EventDate "2017.04.22"]
[EventType "swiss"]
[EventRounds "9"]
[EventCountry "ESP"]
[SourceTitle "EXT 2024"]
[Source "ChessBase"]
[SourceDate "2023.10.10"]
[SourceVersion "1"]
[SourceVersionDate "2023.10.10"]
[SourceQuality "1"]

1. Nf3 Nf6 2. d4 g6 3. c4 Bg7 4. Nc3 0-0 5. e4 d6 6. h3 Nc6 7. Be3 e5 8. d5 Ne7 9. Be2 Nd7 10. g4 a5 11. g5 f5 12. gxf6 Nxf6 13. Qd2 Nh5 14. 0-0-0 Nf4 15. Bxf4 Rxf4 16. Kb1 Bd7 17. Rdg1 Qf8 18. Rg3 Bh6 19. Qd3 Nf5 20. Rg2 Nh4 21. Nxh4 Rxh4 22. Bg4 Bxg4 23. Rxg4 Rh5 24. Qg3 Qf7 25. Rg1 Rd8 26. Ne2 Rf8 27. f4 exf4 28. Qf3 Kh8 29. Nd4 Re8 30. Ne2 Rhe5 31. Nxf4 g5 32. Qg3 gxf4 33. Qc3 b6 34. a3 Bf8 35. Rg5 h6 36. Rf5 Qe7 37. Rxf4 Bg7 38. Rfg4 Rg5 39. Qf3 Rxg4 40. Rxg4 Qf6 41. Qg2 Rf8 42. Ka2 Rf7 43. Qc2 Qf2 44. Qb3 Qc5 45. Rg2 Rf2 46. Rxf2 Qxf2 47. Qb5 Kh7 48. Qb3 a4 49. Qb5 Qc2 50. e5 Bxe5 51. Qb4 h5 52. Qb5 Bg7 53. Qb4 h4 54. Qb5 Kh6 55. Qb4 Kg5 56. c5 Qb3+ 57. Qxb3 axb3+ 58. Kxb3 dxc5 59. a4 Kf4 60. Ka3 Ke4 61. d6 cxd6 62. b4 cxb4+ 63. Kxb4 Kd5 64. Kb5 Bd4 65. Kb4 Kc6 66. Kc4 Bf2 67. Kc3 Kc5 68. Kb3 Be1 69. Ka3 Kc4 0-1

[Event "Barcelona Vila Gracia op 8th"]
[Site "Barcelona"]
[Date "2014.10.24"]
[Round "5.9"]
[White "Mercader Rubio, Luis"]
[Black "Lillo Castany, Victor"]
[Result "0-1"]
[WhiteElo "1913"]
[BlackElo "2369"]
[PlyCount "48"]
[EventDate "2014.09.26"]
[EventType "swiss"]
[EventRounds "9"]
[EventCountry "ESP"]
[SourceTitle "EXT 2024"]
[Source "ChessBase"]
[SourceDate "2023.10.10"]
[SourceVersion "1"]
[SourceVersionDate "2023.10.10"]
[SourceQuality "1"]

1. e4 c5 2. Nf3 d6 3. d4 cxd4 4. Nxd4 Nf6 5. Nc3 Nc6 6. Nxc6 bxc6 7. Bd3 g6 8. 0-0 Bg7 9. Kh1 0-0 10. f4 Rb8 11. Rb1 Nd7 12. Bd2 Nc5 13. f5 d5 14. fxg6 hxg6 15. exd5 cxd5 16. Qf3 Bb7 17. Qg4 e5 18. Bxg6 fxg6 19. Qxg6 Qb6 20. Qg4 d4 21. h4 dxc3 22. Bxc3 Qe6 23. Qe2 Rxf1+ 24. Rxf1 Ba6 0-1

[Event "Foment Martinenc op-B 16th"]
[Site "Barcelona"]
[Date "2014.06.21"]
[Round "9"]
[White "Mercader Rubio, Luis"]
[Black "Mir Vinas, Pau Jose"]
[Result "0-1"]
[WhiteElo "1919"]
[BlackElo "1970"]
[PlyCount "64"]
[EventDate "2014.04.26"]
[EventType "swiss"]
[EventRounds "9"]
[EventCountry "ESP"]
[SourceTitle "EXT 2015"]
[Source "ChessBase"]
[SourceDate "2014.11.20"]
[SourceVersion "1"]
[SourceVersionDate "2014.11.20"]
[SourceQuality "1"]

1. d4 Nf6 2. Nf3 g6 3. c4 Bg7 4. Nc3 0-0 5. e4 d6 6. Be2 e5 7. d5 Ne8 8. Bg5 f6 9. Be3 f5 10. exf5 gxf5 11. Bg5 Nf6 12. Qc2 Qe8 13. Nb5 Qf7 14. h4 h6 15. Bxf6 Bxf6 16. h5 Bg5 17. Nxg5 hxg5 18. 0-0-0 a6 19. Nc3 Nd7 20. g4 e4 21. f3 exf3 22. Bxf3 Ne5 23. Be2 Nxg4 24. Bxg4 fxg4 25. Rdf1 Qxf1+ 26. Rxf1 Rxf1+ 27. Nd1 Bf5 28. Qe2 Rh1 29. Kd2 g3 30. Kc3 Rh2 31. Qf3 Rf8 32. Qxg3 Rh3 0-1

[Event "Foment Martinenc op-B 16th"]
[Site "Barcelona"]
[Date "2014.06.14"]
[Round "8"]
[White "Martos Martin, Josep Angel"]
[Black "Mercader Rubio, Luis"]
[Result "1-0"]
[WhiteElo "1995"]
[BlackElo "1919"]
[PlyCount "73"]
[EventDate "2014.04.26"]
[EventType "swiss"]
[EventRounds "9"]
[EventCountry "ESP"]
[SourceTitle "EXT 2015"]
[Source "ChessBase"]
[SourceDate "2014.11.20"]
[SourceVersion "1"]
[SourceVersionDate "2014.11.20"]
[SourceQuality "1"]

1. e4 c5 2. Nc3 Nc6 3. g3 d6 4. Bg2 Nf6 5. h3 g6 6. Nge2 Bg7 7. 0-0 a6 8. f4 Bd7 9. d3 Rb8 10. Be3 Qc7 11. Qd2 0-0 12. Rad1 b5 13. Nd5 Nxd5 14. exd5 Na5 15. f5 b4 16. Bh6 c4 17. fxg6 hxg6 18. Bxg7 Kxg7 19. d4 c3 20. bxc3 bxc3 21. Qe3 Bb5 22. Rf2 Rbc8 23. Be4 Bxe2 24. Qxe2 Nc4 25. Bd3 Nb2 26. Re1 Nxd3 27. Qxd3 a5 28. h4 Qb7 29. h5 Qxd5 30. hxg6 f5 31. Rxe7+ Kxg6 32. Qe3 Rf6 33. Rh2 f4 34. gxf4 Rf7 35. Qg3+ Kf6 36. Qh4+ Kf5 37. Qg5# 1-0

[Event "Foment Martinenc op-B 16th"]
[Site "Barcelona"]
[Date "2014.05.24"]
[Round "5"]
[White "Mercader Rubio, Luis"]
[Black "Torralba Brosa, Marc"]
[Result "1-0"]
[WhiteElo "1919"]
[BlackElo "1878"]
[PlyCount "73"]
[EventDate "2014.04.26"]
[EventType "swiss"]
[EventRounds "9"]
[EventCountry "ESP"]
[SourceTitle "EXT 2015"]
[Source "ChessBase"]
[SourceDate "2014.11.20"]
[SourceVersion "1"]
[SourceVersionDate "2014.11.20"]
[SourceQuality "1"]

1. Nf3 d5 2. d4 Nf6 3. c4 dxc4 4. Nc3 Bd7 5. e4 b5 6. e5 Ng8 7. Be2 e6 8. 0-0 Bb4 9. d5 Bxc3 10. bxc3 exd5 11. Ng5 Ne7 12. Bg4 0-0 13. e6 Be8 14. exf7+ Bxf7 15. Nxf7 Rxf7 16. Be6 Qd6 17. Qg4 Ng6 18. f4 Kf8 19. Bxf7 Kxf7 20. f5 Ne5 21. Qh5+ Kg8 22. Qe8+ Qf8 23. Qxe5 c6 24. Be3 Kh8 25. f6 Nd7 26. fxg7+ Qxg7 27. Qd6 Qxc3 28. Bxa7 Rxa7 29. Rf8+ Kg7 30. Qe7+ Kh6 31. Qe6+ Nf6 32. Rxf6+ Kg7 33. Raf1 Qd4+ 34. Kh1 Qc5 35. Qg4+ Kh8 36. Rf8+ Qxf8 37. Rxf8# 1-0

[Event "Foment Martinenc op-B 16th"]
[Site "Barcelona"]
[Date "2014.05.10"]
[Round "3"]
[White "Mercader Rubio, Luis"]
[Black "Walter Travella, German"]
[Result "0-1"]
[WhiteElo "1919"]
[BlackElo "2049"]
[PlyCount "110"]
[EventDate "2014.04.26"]
[EventType "swiss"]
[EventRounds "9"]
[EventCountry "ESP"]
[SourceTitle "EXT 2015"]
[Source "ChessBase"]
[SourceDate "2014.11.20"]
[SourceVersion "1"]
[SourceVersionDate "2014.11.20"]
[SourceQuality "1"]

1. Nf3 Nf6 2. d4 g6 3. c4 c5 4. d5 Bg7 5. Nc3 0-0 6. e4 b5 7. cxb5 a6 8. Bd3 axb5 9. Bxb5 Nxe4 10. Qd3 Qa5 11. Bd2 Nxd2 12. Nxd2 Ba6 13. Bxa6 Nxa6 14. a3 Nb4 15. Qe4 f5 16. Qb1 Bxc3 17. bxc3 Nxd5 18. Qa2 e6 19. 0-0 Nxc3 20. Qc4 d5 21. Qd3 c4 22. Qe3 Ra6 23. Nf3 Ne4 24. h4 Qc3 25. Qh6 Rxa3 26. Rab1 Qg7 27. Qf4 Rfa8 28. Rb8+ Rxb8 29. Qxb8+ Qf8 30. Qe5 Qd6 31. Qb2 c3 32. Qb5 Ra8 33. Re1 c2 34. Qd3 Qc5 35. Qe3 Qxe3 36. fxe3 Ra3 37. Rc1 Rc3 38. Kf1 Nc5 39. Ne1 e5 40. Ke2 Kf7 41. Kd2 d4 42. exd4 exd4 43. Rxc2 Rxc2+ 44. Nxc2 d3 45. Ne1 Kf6 46. Nxd3 Nxd3 47. Kxd3 Ke5 48. Ke3 f4+ 49. Kf3 Kf5 50. g3 fxg3 51. Kxg3 h6 52. Kf3 h5 53. Kg3 Ke4 54. Kg2 Kf4 55. Kh3 Kf3 0-1

[Event "UGA Inverno op"]
[Site "Barcelona"]
[Date "2002.??.??"]
[Round "2"]
[White "Mercader Rubio, Luis"]
[Black "Martinez Gutierrez, Bernat"]
[Result "0-1"]
[WhiteElo "1885"]
[BlackElo "2055"]
[PlyCount "62"]
[EventDate "2002.01.21"]
[EventType "swiss"]
[EventRounds "7"]
[EventCountry "ESP"]
[SourceTitle "EXT 2003"]
[Source "ChessBase"]
[SourceDate "2002.11.25"]
[SourceVersion "1"]
[SourceVersionDate "2002.11.25"]
[SourceQuality "1"]

1. d4 d5 2. Nf3 Nf6 3. c4 c6 4. Nc3 a6 5. Bg5 Ne4 6. Qc2 Nxg5 7. Nxg5 dxc4 8. e3 b5 9. Be2 e6 10. Nf3 Nd7 11. 0-0 Bb7 12. Rfd1 Be7 13. a3 0-0 14. e4 Qc7 15. d5 cxd5 16. exd5 exd5 17. Nxd5 Bxd5 18. Rxd5 Nf6 19. Rg5 h6 20. Rg3 Qf4 21. Re1 Rfe8 22. Kf1 Bc5 23. Qc3 Bxf2 24. Rxg7+ Kxg7 25. Kxf2 Qe3+ 26. Kf1 Qxc3 27. bxc3 Re3 28. Rc1 Ne4 29. Nd4 Rxc3 30. Ra1 Nd2+ 31. Kf2 Nb3 0-1